| 000 | 00840cam a22002654a 4500 | ||
|---|---|---|---|
| 008 | |||
| 020 | _a9780470402573 (hbk.) | ||
| 049 | _aMAIN | ||
| 090 |
_aNA200 _bCHI |
||
| 100 | 1 | _aChing, Francis D. K. | |
| 245 | 1 | 2 |
_aA global history of architecture / _cFrancis D.K. Ching, Mark M. Jarzombek [and] Vikramaditya Prakash. |
| 250 | _a2nd ed. | ||
| 260 |
_aHoboken, N.J. : _bWiley, _c2011. |
||
| 300 |
_axvi, 848 p. : _bill. (some col.), maps (some col.) ; _c29 cm. |
||
| 500 | _aIncludes index. | ||
| 504 | _aIncludes bibliographical references. | ||
| 650 | 0 |
_aArchitecture _xHistory. |
|
| 700 | 1 | _aJarzombek, Mark. | |
| 700 | 1 | _aPrakash, Vikramaditya. | |
| 907 |
_a.b10374115 _b02-06-16 _c02-06-16 |
||
| 003 | |||
| 005 | 20230123122219.0 | ||
| 040 | _cNUST | ||
| 942 |
_cBOOKS _kNA200 _mCHI |
||
| 999 |
_c129782 _d129782 |
||